Southville International School and Colleges
Your cart is empty.
  • Cart
  • Lists
    Public lists Eva Luna New books Lux_list list_1
    Your lists Log in to create your own lists
  • Log in to your account
  • Your cookies
  • Search history
Southville International School and Colleges
  • Advanced search
  • Recent comments
  • Most popular
  • Libraries

Log in to your account

Log in with GOOGLE


If you do not have an external account, but do have a local account, you can still log in:

  1. Home
  2. MARC view: Responsible investment
Normal view MARC view ISBD view

Responsible investment (Record no. 367383)

[ view plain ]
MARC details
000 -LEADER
fixed length control field 00701nam a22002057a 4500
003 - CONTROL NUMBER IDENTIFIER
control field 0
005 - DATE AND TIME OF LATEST TRANSACTION
control field 20250414100436.0
008 - FIXED-LENGTH DATA ELEMENTS--GENERAL INFORMATION
fixed length control field 250412b xxu||||| |||| 00| 0 eng d
020 ## - INTERNATIONAL STANDARD BOOK NUMBER
International Standard Book Number 978-3-031-44535-4
050 ## - LIBRARY OF CONGRESS CALL NUMBER
Classification number HG 4515
Item number .M37 2023
100 ## - MAIN ENTRY--PERSONAL NAME
Personal name Martindale, Will
245 ## - TITLE STATEMENT
Title Responsible investment
Remainder of title an insider's account of what's working, what's not and where next
Statement of responsibility, etc Will Martindale
260 ## - PUBLICATION, DISTRIBUTION, ETC. (IMPRINT)
Place of publication, distribution, etc London, UK
Name of publisher, distributor, etc Springer Nature
Date of publication, distribution, etc 2023
300 ## - PHYSICAL DESCRIPTION
Extent xi, 269 pages;
Dimensions 23cm.
504 ## - BIBLIOGRAPHY, ETC. NOTE
Bibliography, etc Includes glossary and indexes.
650 ## - SUBJECT ADDED ENTRY--TOPICAL TERM
Topical term or geographic name as entry element Investments—Moral and ethical aspects.
650 ## - SUBJECT ADDED ENTRY--TOPICAL TERM
Topical term or geographic name as entry element Finance—Moral and ethical aspects.
650 ## - SUBJECT ADDED ENTRY--TOPICAL TERM
Topical term or geographic name as entry element Sustainable development—Finance.
942 ## - ADDED ENTRY ELEMENTS (KOHA)
Source of classification or shelving scheme Library of Congress Classification
Koha item type Books
Holdings
Withdrawn status Lost status Source of classification or shelving scheme Damaged status Home library Current library Shelving location Date acquired Source of acquisition Sub Shelving location Total Checkouts Full call number Barcode Date last seen Price effective from Koha item type
    Library of Congress Classification   College Library College Library Reserve Section 04/12/2025 Library Fund     HG 4515 .M37 2023 C24345 04/12/2025 04/12/2025 Books

Responsible investment

APA

Martindale W., . (2023). Responsible investment. London, UK: Springer Nature.

Chicago

Martindale Will, . 2023. Responsible investment. London, UK: Springer Nature.

Harvard

Martindale W., . (2023). Responsible investment. London, UK: Springer Nature.

MLA

Martindale Will, . Responsible investment. London, UK: Springer Nature. 2023.

  • Place hold
  • Print
  • Cite
  • Add to your cart (remove)
  • Save record
    BIBTEX Dublin Core MARCXML MARC (non-Unicode/MARC-8) MARC (Unicode/UTF-8) MARC (Unicode/UTF-8, Standard) MODS (XML) RIS
  • More searches
    Search for this title in:
    Other Libraries (WorldCat) Other Databases (Google Scholar) Online Stores (Bookfinder.com) Open Library (openlibrary.org)

Exporting to Dublin Core...

SOUTHVILLE LIBRARY

Southville International School and Colleges Library

1281 Tropical Ave. Cor. Luxembourg St., BF Homes International, Las Pinas City

Tel. No. 8256374 / 252358 Loc. 117/146

Powered by Koha